| 000 | 00426nam a2200157Ia 4500 | ||
|---|---|---|---|
| 999 |
_c30093 _d30093 |
||
| 003 | OSt | ||
| 005 | 20260106122151.0 | ||
| 008 | 250310s9999||||xx |||||||||||||| ||und|| | ||
| 040 | _cIMU-KC | ||
| 245 | 0 | _aGreatest Short Stories / | |
| 260 |
_aNew York : _bP.F. Collier & Son Corporation, _cc 1915. |
||
| 300 | _a383 p. | ||
| 650 | 0 |
_94805 _aShort Stories |
|
| 710 |
_96432 _aP.F. Collier & Son Corporation |
||
| 942 |
_cBK _2ddc |
||